| 000 | 00456nam a22001937a 4500 | ||
|---|---|---|---|
| 003 | MPLRDC | ||
| 005 | 20220104143620.0 | ||
| 008 | 210129b ||||| |||| 00| 0 eng d | ||
| 020 | _a7-5062-3677-X | ||
| 082 | _a413.91 YZY | ||
| 100 | _a杨占元 | ||
| 245 |
_a杨氏叩击疗法 _c |
||
| 250 | _a第一版 | ||
| 260 |
_a _b世界图书 _c1999 |
||
| 300 | _b平 | ||
| 490 | _a中国自然疗法 | ||
| 650 | _a特别疗法 | ||
| 942 |
_cBK _o413.91 YZY |
||
| 999 |
_c41641 _d41631 |
||